1014 1756 1115 1569 1056 1925 1875 1522 1447 1963 1233 1466 1400 1378 1386 1755 1786 1563 1979 1215 1766 1698 1214 1471 1667 1944 1841 1911 1374 1982 1627 1160 1246 1314 1855 1259 1668 1259 1177 1544 1164 1744 1898 1244 1943 1031 1963 1983 1915 1433 1825 1388 1650 1375 1378 1672 1406 1548 1070 1576 1018 1582 1800 1189 1861 1482 1316 1178 1518 1793 1473 1440 1880 1184 1780 1963 1368 1779 1109 1882 1592 1656 1235 1873 1389 1650 1129 1742 1077 1959 1687 1656 1465 1222 1404 1545 1469 1903 1035 BCNSPRNW ULIB Ver.6.0+V

เปลี่ยนเป็นภาษาไทย

Change to English
 แสดงรายละเอียดบรรณานุกรม
  กลับหน้าหลัก

Brief Record : Get Marc (ISO 2709) : E-mail record : QR code < ปิดหน้าต่าง
LEADER : 00000nam 2200000uu 4500
001    13399111547
003     ULIB
008    110630s||||||||th 000 0 tha d
020    9789749898444
050  4 BQ4570^bว111ธ 2550
100 0  ว.วชิรเมธี
245 10 ธรรมะงอกงาม /^cว.วชิรเมธี
250    พิมพ์ครั้งที่ 5
260    กรุงเทพฯ :^bอมรินทร์,^c2550
300    214 หน้า :^bภาพประกอบ ;^c17 ซม.
440  0 ธรรมะประยุกต์สำหรับคนรุ่นใหม่ ;^vลำดับที่ 13
650  7 ธรรมะ
650  7 ความจริง^xแง่ศาสนา^xพุทธศาสนา
650  7 การดำเนินชีวิต
945    ^p165^l0^i023137
995    ทศพร
999 ^a ใช้งานได้ทุกระบบ
รายการนี้ยังไม่มีแท็ก
คุณยังไม่ได้ล็อกอิน คุณสามารถมีกิจกรรมร่วมกับเว็บไซต์ได้ แต่ต้องล็อกอินก่อน ::
  ล็อกอิน

รายการสื่อสารสนเทศ

ลำดับที่ ประเภท เลขเรียก/บาร์โค้ด สถานที่ สถานะ
- ไม่พบข้อมูล -

รายการใกล้เคียง
    ผู้แต่ง [ว.วชิรเมธี]

    หัวเรื่อง [ธรรมะ]
    หัวเรื่อง [การดำเนินชีวิต]

BibComment


ยังไม่เคยถูกคอมเมนท์

คอมเมนท์ทรัพยากรรายการนี้
  คอมเมนท์: ธรรมะงอกงาม ววชิ..


 Copyright 2026. Bcnsprnw @Library